Textbook Of Thermal Engineering (Record no. 227182)
[ view plain ]
| 000 -LEADER | |
|---|---|
| fixed length control field | 00495nam a2200169Ia 4500 |
| 008 - FIXED-LENGTH DATA ELEMENTS--GENERAL INFORMATION | |
| fixed length control field | 230714s9999 xx 000 0 und d |
| 020 ## - INTERNATIONAL STANDARD BOOK NUMBER | |
| International Standard Book Number | 9790000000000 |
| 041 ## - LANGUAGE CODE | |
| Language code of text/sound track or separate title | eng |
| 082 ## - DEWEY DECIMAL CLASSIFICATION NUMBER | |
| Classification number | 621.402 |
| Item number | KHU |
| 100 ## - MAIN ENTRY--PERSONAL NAME | |
| Personal name | Khurmi R.S. |
| 9 (RLIN) | 141538 |
| 245 ## - TITLE STATEMENT | |
| Title | Textbook Of Thermal Engineering |
| Remainder of title | (S.I. Units) |
| 260 ## - PUBLICATION, DISTRIBUTION, ETC. (IMPRINT) | |
| Date of publication, distribution, etc. | 2019 |
| Name of publisher, distributor, etc. | S. Chand & Company Ltd. |
| 300 ## - PHYSICAL DESCRIPTION | |
| Extent | 895 |
| 365 ## - TRADE PRICE | |
| Currency code | Rs. |
| Price amount | 750.00 |
| 700 ## - ADDED ENTRY--PERSONAL NAME | |
| Personal name | Khurmi R.S. & Gupta J.K. |
| 9 (RLIN) | 184777 |
| 906 ## - LOCAL DATA ELEMENT F, LDF (RLIN) | |
| d | O:0713804-Mar-2020B:13003-Mar-2020 |
| c | SM |
| b | 562.5 |
No items available.